| 000 | 00429nam a2200145 i 4500 | ||
|---|---|---|---|
| 001 | 70051 | ||
| 003 | ES-MaACL | ||
| 007 | t| | ||
| 008 | 040715s1951 pe ||||1| spa d | ||
| 100 | 1 |
_aGarcía Montero, Eduardo. _954976 |
|
| 245 | 1 | 3 |
_aEl código de los piratas / _cEduardo García Montero. |
| 260 |
_aLima : _b[s.n., _c1951] ( _fTall. Gráf. Domingo Miranda) |
||
| 300 |
_a336 p., lám. ; _c25 cm. |
||
| 852 |
_aES-MaACL _jE-4009 |
||
| 999 |
_c70051 _d70051 |
||